000 00357nam a2200157Ia 4500
008 230711s9999||||xx |||||||||||||| ||und||
041 _aENG
082 _a624
_bIC-B
100 _aICE
245 0 _aBuilding on marginal and derdul
250 _a2nd Ed.
260 _c1985
_aNew York
_bThomas Telford
300 _a857
650 _aArchitecture
942 _cBK
999 _c753
_d753